[Event "Hamilton Waikato op"]
[Site "Hamilton"]
[Date "2017.08.13"]
[Round "6"]
[White "Spain, Graeme"]
[Black "Ang, Alphaeus Wei Ern"]
[Result "1/2-1/2"]
[WhiteElo "2217"]
[BlackElo "2141"]
[PlyCount "45"]
[EventDate "2017.08.11"]
[EventType "swiss"]
[EventRounds "6"]
[EventCountry "NZL"]
[SourceTitle "CBM 180 Extra"]
[Source "ChessBase"]
[SourceDate "2017.10.06"]
[SourceVersion "1"]
[SourceVersionDate "2017.10.06"]
[SourceQuality "1"]

1. e4 d5 2. exd5 Qxd5 3. Nc3 Qd6 4. d4 Nf6 5. Nf3 c6 6. g3 Bg4 7. Bg2 e6 8. h3 Bh5 9. 0-0 Be7 10. Bf4 Qd8 11. a3 Bd6 12. Bxd6 Qxd6 13. Qd3 Nbd7 14. Rfe1 0-0 15. Ne4 Nxe4 16. Qxe4 Nf6 17. Qe3 Rfd8 18. c3 Nd5 19. Qe5 Bxf3 20. Qxd6 Rxd6 21. Bxf3 Rad8 22. Bxd5 Rxd5 23. Re2 1/2-1/2

[Event "Hamilton Waikato op"]
[Site "Hamilton"]
[Date "2017.08.11"]
[Round "1"]
[White "Bennett, Hilton Petrie"]
[Black "Spain, Graeme"]
[Result "1/2-1/2"]
[WhiteElo "1900"]
[BlackElo "2217"]
[PlyCount "112"]
[EventDate "2017.08.11"]
[EventType "swiss"]
[EventRounds "6"]
[EventCountry "NZL"]
[SourceTitle "CBM 180 Extra"]
[Source "ChessBase"]
[SourceDate "2017.10.06"]
[SourceVersion "1"]
[SourceVersionDate "2017.10.06"]
[SourceQuality "1"]

1. g3 d5 2. Bg2 c6 3. d3 Nf6 4. Nf3 Bg4 5. Nbd2 Nbd7 6. h3 Bxf3 7. Nxf3 e6 8. 0-0 Bd6 9. a4 a5 10. Re1 0-0 11. e4 dxe4 12. dxe4 Bc5 13. c3 Qb6 14. Qc2 Rfe8 15. e5 Nd5 16. Ng5 Nf8 17. h4 Be7 18. Nf3 Rad8 19. Bg5 Bxg5 20. Nxg5 f5 21. exf6 Nxf6 22. Re2 h6 23. Nf3 Qa6 24. Rae1 b5 25. Nd4 Rd6 26. Qb3 bxa4 27. Qxa4 c5 28. Nb3 Rd1 29. c4 Rxe1+ 30. Rxe1 Qb6 31. Nxa5 Qxb2 32. Nb7 Rc8 33. Qd1 Rc7 34. Qb1 Qd4 35. Qb6 Ng4 36. Rf1 Rf7 37. Qxc5 Qxc5 38. Nxc5 Rc7 39. Nd3 Rxc4 40. Nf4 Kf7 41. Bh3 Ne5 42. Bg2 g5 43. hxg5 hxg5 44. Ne2 g4 45. Rc1 Rb4 46. Nf4 Rb2 47. Be4 Nfd7 48. Nd3 Nxd3 49. Bxd3 Ne5 50. Be4 Kf6 51. Kg2 Re2 52. Bb7 Rxf2+ 53. Kxf2 Nd3+ 54. Ke3 Nxc1 55. Kf4 Ne2+ 56. Kxg4 Nxg3 1/2-1/2

[Event "NZL-ch 115th"]
[Site "Auckland"]
[Date "2008.01.23"]
[Round "11"]
[White "Spain, Graeme"]
[Black "Thornton, Giovanni Antonio"]
[Result "1-0"]
[WhiteElo "2191"]
[BlackElo "2095"]
[PlyCount "39"]
[EventDate "2008.01.15"]
[EventType "swiss"]
[EventRounds "11"]
[EventCountry "NZL"]
[SourceTitle "CBM 122 Extra"]
[Source "ChessBase"]
[SourceDate "2008.03.04"]
[SourceVersion "1"]
[SourceVersionDate "2008.03.04"]
[SourceQuality "1"]

1. e4 e6 2. d4 d5 3. Nd2 Nf6 4. e5 Nfd7 5. Bd3 c5 6. c3 Nc6 7. Ne2 cxd4 8. cxd4 f6 9. exf6 Nxf6 10. Nf3 Bd6 11. 0-0 0-0 12. Bf4 Ne4 13. Bxd6 Nxd6 14. Ne5 Qb6 15. Nxc6 bxc6 16. Qc2 g6 17. Rac1 Bd7 18. Bxg6 hxg6 19. Qxg6+ Kh8 20. Rc3 1-0

[Event "NZL-ch 115th"]
[Site "Auckland"]
[Date "2008.01.22"]
[Round "10"]
[White "Watson, Bruce R"]
[Black "Spain, Graeme"]
[Result "0-1"]
[WhiteElo "2293"]
[BlackElo "2191"]
[PlyCount "42"]
[EventDate "2008.01.15"]
[EventType "swiss"]
[EventRounds "11"]
[EventCountry "NZL"]
[SourceTitle "CBM 122 Extra"]
[Source "ChessBase"]
[SourceDate "2008.03.04"]
[SourceVersion "1"]
[SourceVersionDate "2008.03.04"]
[SourceQuality "1"]

1. c4 c6 2. Nf3 d5 3. b3 Bg4 4. Ne5 Bh5 5. g4 f6 6. Nxc6 Nxc6 7. gxh5 d4 8. b4 Nxb4 9. Qa4+ Nc6 10. Bg2 Qd7 11. Ba3 e6 12. d3 Bxa3 13. Nxa3 Nge7 14. Rb1 0-0 15. Nc2 Rab8 16. Nb4 Qe8 17. Nxc6 Nxc6 18. Rxb7 Rxb7 19. Qxc6 Rb1+ 20. Kd2 Rb2+ 21. Kc1 Qb8 0-1

[Event "NZL-ch 115th"]
[Site "Auckland"]
[Date "2008.01.16"]
[Round "2"]
[White "Spain, Graeme"]
[Black "Fuatai, Fuatai"]
[Result "1-0"]
[WhiteElo "2191"]
[BlackElo "2087"]
[PlyCount "91"]
[EventDate "2008.01.15"]
[EventType "swiss"]
[EventRounds "11"]
[EventCountry "NZL"]
[SourceTitle "CBM 122 Extra"]
[Source "ChessBase"]
[SourceDate "2008.03.04"]
[SourceVersion "1"]
[SourceVersionDate "2008.03.04"]
[SourceQuality "1"]

1. e4 e5 2. Nf3 Nc6 3. Bb5 a6 4. Bxc6 dxc6 5. 0-0 f6 6. d4 exd4 7. Nxd4 c5 8. Nb3 Qxd1 9. Rxd1 Bg4 10. Re1 0-0-0 11. Nc3 b6 12. Bf4 g5 13. Be3 Be6 14. e5 h6 15. exf6 Bf7 16. Ne4 Bg6 17. Nbd2 Bd6 18. f3 Be5 19. Nc4 Bxf6 20. Nxf6 Nxf6 21. Ne5 Be8 22. c4 Rd6 23. b3 Nd7 24. Ng4 Nf6 25. Nf2 Bg6 26. h4 gxh4 27. Bf4 Rd7 28. Re6 Nh5 29. Rxg6 Nxf4 30. Rg4 Rf7 31. Rxh4 h5 32. Nh3 Nxh3+ 33. Rxh3 Rd7 34. Rf1 Rd3 35. Rf2 Kd7 36. Rh4 Rd1+ 37. Kh2 Rd6 38. Re2 Rg6 39. g4 Rf8 40. gxh5 Rgf6 41. Re3 Rxf3 42. Rxf3 Rxf3 43. h6 Rf8 44. h7 Rh8 45. Kg3 Ke6 46. Kf4 1-0

[Event "NZL-ch 115th"]
[Site "Auckland"]
[Date "2008.01.15"]
[Round "1"]
[White "Dive, Russell John"]
[Black "Spain, Graeme"]
[Result "1-0"]
[WhiteElo "2341"]
[BlackElo "2191"]
[PlyCount "63"]
[EventDate "2008.01.15"]
[EventType "swiss"]
[EventRounds "11"]
[EventCountry "NZL"]
[SourceTitle "CBM 122 Extra"]
[Source "ChessBase"]
[SourceDate "2008.03.04"]
[SourceVersion "1"]
[SourceVersionDate "2008.03.04"]
[SourceQuality "1"]

1. c4 c6 2. e4 d5 3. exd5 cxd5 4. cxd5 Nf6 5. Bb5+ Nbd7 6. Nc3 a6 7. Qa4 g6 8. Nf3 Bg7 9. 0-0 0-0 10. Bxd7 Nxd7 11. d4 b5 12. Qb3 Nb6 13. Bg5 h6 14. Bh4 g5 15. Bg3 Bb7 16. h4 gxh4 17. Nxh4 Bxd5 18. Nxd5 Qxd5 19. Qb4 Qxd4 20. Qxe7 Qxb2 21. Rad1 Nc4 22. Nf5 Qf6 23. Qc5 Kh8 24. Bh4 Qb6 25. Qd5 Qe6 26. Qf3 Rae8 27. Qh3 Qe4 28. Bf6 Bxf6 29. Qxh6+ Kg8 30. Qxf6 Qe5 31. Qg5+ Kh7 32. Rd3 1-0

[Event "NZL-ch 0607"]
[Site "Wanganui"]
[Date "2007.01.09"]
[Round "8"]
[White "Spain, Graeme"]
[Black "Thornton, Giovanni Antonio"]
[Result "1/2-1/2"]
[WhiteElo "2200"]
[BlackElo "2105"]
[PlyCount "23"]
[EventDate "2007.01.02"]
[EventType "tourn"]
[EventRounds "11"]
[EventCountry "NZL"]
[SourceTitle "CBM 116 Extra"]
[Source "ChessBase"]
[SourceDate "2007.03.07"]
[SourceVersion "1"]
[SourceVersionDate "2007.03.07"]
[SourceQuality "1"]

1. e4 e6 2. d4 d5 3. Nd2 dxe4 4. Nxe4 Bd7 5. Nf3 Bc6 6. Bd3 Nd7 7. 0-0 Ngf6 8. Bg5 Be7 9. Qe2 0-0 10. Nxf6+ Nxf6 11. c3 h6 12. Bxf6 1/2-1/2

[Event "NZL-ch 0607"]
[Site "Wanganui"]
[Date "2007.01.08"]
[Round "7"]
[White "Steadman, Michael VR"]
[Black "Spain, Graeme"]
[Result "1-0"]
[WhiteElo "2265"]
[BlackElo "2200"]
[PlyCount "93"]
[EventDate "2007.01.02"]
[EventType "tourn"]
[EventRounds "11"]
[EventCountry "NZL"]
[SourceTitle "CBM 116 Extra"]
[Source "ChessBase"]
[SourceDate "2007.03.07"]
[SourceVersion "1"]
[SourceVersionDate "2007.03.07"]
[SourceQuality "1"]

1. e4 d5 2. exd5 Qxd5 3. Nc3 Qa5 4. d4 Nf6 5. Bc4 Bg4 6. Nge2 e6 7. f3 Bf5 8. g4 Bg6 9. h4 h6 10. Nf4 Bh7 11. Qe2 Bb4 12. Bd2 Nc6 13. Bb5 0-0-0 14. Bxc6 bxc6 15. Qc4 e5 16. dxe5 Qxe5+ 17. Nfe2 Rxd2 18. Kxd2 Rd8+ 19. Ke1 Nd5 20. Rd1 Bxc3+ 21. bxc3 Re8 22. Rd2 Qg3+ 23. Kd1 Qxf3 24. Qa6+ Kb8 25. Re1 Nxc3+ 26. Kc1 Qf2 27. Red1 Nxd1 28. Nd4 Qe3 29. Nxc6+ Ka8 30. Nd8 Qxd2+ 31. Kxd2 Rxd8+ 32. Kc1 Be4 33. Qc4 Bb7 34. Qxf7 a6 35. Qxg7 Ne3 36. Qxh6 Nxg4 37. Qg5 Rd4 38. h5 Ra4 39. Qd8+ Ka7 40. Qxc7 Rxa2 41. Qf4 Ra1+ 42. Kb2 Rh1 43. Qd4+ Ka8 44. Qxg4 Re1 45. Qg8+ Ka7 46. h6 Be4 47. Qg7+ 1-0

[Event "NZL-ch 0607"]
[Site "Wanganui"]
[Date "2007.01.06"]
[Round "5"]
[White "Dive, Russell John"]
[Black "Spain, Graeme"]
[Result "1-0"]
[WhiteElo "2350"]
[BlackElo "2200"]
[PlyCount "73"]
[EventDate "2007.01.02"]
[EventType "tourn"]
[EventRounds "11"]
[EventCountry "NZL"]
[SourceTitle "CBM 116 Extra"]
[Source "ChessBase"]
[SourceDate "2007.03.07"]
[SourceVersion "1"]
[SourceVersionDate "2007.03.07"]
[SourceQuality "1"]

1. c4 c6 2. e4 e5 3. Nc3 Nf6 4. Nf3 d6 5. d4 Nbd7 6. Be2 Be7 7. h3 Qc7 8. Be3 Nf8 9. Qd2 Ng6 10. 0-0 0-0 11. b4 Bd7 12. Rab1 Rad8 13. Rfd1 Bc8 14. Qc2 a6 15. Rdc1 Nh5 16. Na4 Qb8 17. Nb6 Nhf4 18. Bf1 f5 19. Nxc8 Qxc8 20. dxe5 fxe4 21. Qxe4 dxe5 22. b5 Rf6 23. bxa6 bxa6 24. Re1 Bd6 25. Red1 Rdf8 26. Rxd6 Rxd6 27. Bc5 Qd7 28. Bxd6 Qxd6 29. Rb6 Qd1 30. Rxc6 Rb8 31. Rxa6 Rb1 32. Nd2 Rc1 33. Ra8+ Nf8 34. Qf5 N4g6 35. Ra7 Nh8 36. Qxe5 Nf7 37. Qd5 1-0

[Event "NZL-ch 0607"]
[Site "Wanganui"]
[Date "2007.01.04"]
[Round "3"]
[White "Reilly, Tim"]
[Black "Spain, Graeme"]
[Result "0-1"]
[WhiteElo "2307"]
[BlackElo "2200"]
[PlyCount "120"]
[EventDate "2007.01.02"]
[EventType "tourn"]
[EventRounds "11"]
[EventCountry "NZL"]
[SourceTitle "CBM 116 Extra"]
[Source "ChessBase"]
[SourceDate "2007.03.07"]
[SourceVersion "1"]
[SourceVersionDate "2007.03.07"]
[SourceQuality "1"]

1. d4 d5 2. c4 c6 3. Nf3 Nf6 4. e3 a6 5. Nc3 Bf5 6. Bd3 Bxd3 7. Qxd3 e6 8. 0-0 Nbd7 9. b3 Bb4 10. Bb2 Bxc3 11. Bxc3 0-0 12. Nd2 Re8 13. e4 Nxe4 14. Nxe4 dxe4 15. Qxe4 Qf6 16. Rad1 Rac8 17. Rfe1 Qg6 18. Qf3 Nf6 19. h3 h6 20. Re5 Red8 21. Rde1 Rd7 22. Kh2 Rdd8 23. R1e3 Rd7 24. Qf4 Re8 25. Qh4 Nh7 26. Rg3 Qf6 27. Qg4 g6 28. f4 Qd8 29. Rge3 Rxd4 30. Bxd4 Qxd4 31. f5 Qxg4 32. hxg4 Nf8 33. Rd3 Kg7 34. fxe6 fxe6 35. Kg3 Re7 36. Rd8 Nd7 37. Re2 e5 38. g5 hxg5 39. Kg4 e4 40. Kxg5 Nc5 41. Rd6 Re5+ 42. Kf4 Rf5+ 43. Ke3 a5 44. Rf2 Rg5 45. Kd4 Kh6 46. Rdf6 Kh5 47. Rf7 Kg4 48. Rh7 Kg3 49. Ke3 Nd3 50. Rh3+ Kg4 51. Rf7 Re5 52. Rh6 Re6 53. Rhh7 Kg3 54. Rxb7 Ne1 55. Rbe7 Nxg2+ 56. Kd4 Rxe7 57. Rxe7 e3 58. Re6 Kf3 59. Rxc6 Nf4 60. Kc3 e2 0-1

[Event "NZL-ch 0607"]
[Site "Wanganui"]
[Date "2007.01.03"]
[Round "2"]
[White "Spain, Graeme"]
[Black "Stuart, Peter W"]
[Result "1/2-1/2"]
[WhiteElo "2200"]
[BlackElo "2139"]
[PlyCount "85"]
[EventDate "2007.01.02"]
[EventType "tourn"]
[EventRounds "11"]
[EventCountry "NZL"]
[SourceTitle "CBM 116 Extra"]
[Source "ChessBase"]
[SourceDate "2007.03.07"]
[SourceVersion "1"]
[SourceVersionDate "2007.03.07"]
[SourceQuality "1"]

1. e4 c5 2. d4 cxd4 3. c3 dxc3 4. Nxc3 Nc6 5. Nf3 e6 6. Bc4 a6 7. 0-0 Nge7 8. Bg5 f6 9. Be3 b5 10. Bb3 Bb7 11. Nd2 Na5 12. Bc2 Rc8 13. Rc1 Ng6 14. f4 Bc5 15. Bxc5 Rxc5 16. f5 Ne5 17. Qh5+ Ke7 18. Nb3 Nxb3 19. Bxb3 Qc7 20. Rcd1 Rc6 21. Kh1 Rd6 22. Rxd6 Qxd6 23. Rd1 Qc7 24. a3 Bc6 25. Qh4 Qb7 26. Qf2 Kf7 27. Qc5 Re8 28. Rd4 g6 29. fxe6+ dxe6 30. h3 Re7 31. Qd6 Qc8 32. Ba2 Qe8 33. Qc5 Rd7 34. Ne2 Rxd4 35. Nxd4 Bd7 36. Qa7 Nc4 37. Bxc4 bxc4 38. Qxa6 Qc8 39. Qd6 e5 40. Ne2 Qc6 41. Qd2 Be6 42. Nc3 Qb6 43. Qe2 1/2-1/2

[Event "Queenstown op"]
[Site "Queenstown"]
[Date "2006.01.23"]
[Round "9"]
[White "Spain, Graeme"]
[Black "Lukey, Stephen G"]
[Result "0-1"]
[WhiteElo "2193"]
[BlackElo "2286"]
[PlyCount "80"]
[EventDate "2006.01.15"]
[EventType "swiss"]
[EventRounds "10"]
[EventCountry "NZL"]
[SourceTitle "CBM 110 Extra"]
[Source "ChessBase"]
[SourceDate "2006.03.10"]
[SourceVersion "2"]
[SourceVersionDate "2006.03.10"]
[SourceQuality "1"]

1. e4 e6 2. d4 d5 3. exd5 exd5 4. Nf3 Bd6 5. c4 c6 6. Nc3 Ne7 7. Be2 0-0 8. 0-0 Bg4 9. cxd5 Nxd5 10. Nxd5 cxd5 11. h3 Bf5 12. Be3 Nc6 13. a3 Qd7 14. Re1 Rfe8 15. b4 Rac8 16. Rc1 a6 17. Bf1 Re6 18. Qd2 Rce8 19. Bf4 Be4 20. Ng5 Bxf4 21. Qxf4 R6e7 22. Qd2 h6 23. b5 Nxd4 24. Qxd4 hxg5 25. bxa6 bxa6 26. f3 Bg6 27. Red1 Qd6 28. Qxd5 Qxa3 29. Qxg5 Re5 30. Qd2 a5 31. Qd4 Qe7 32. Bc4 Qf6 33. Qa7 Qf4 34. Bf1 Bf5 35. Ra1 Bxh3 36. Rxa5 Re3 37. Ra3 Re2 38. Ra2 Qg3 39. Rxe2 Rxe2 40. Rd8+ Kh7 0-1

[Event "Queenstown op"]
[Site "Queenstown"]
[Date "2006.01.18"]
[Round "4"]
[White "West, Guy"]
[Black "Spain, Graeme"]
[Result "1-0"]
[WhiteElo "2356"]
[BlackElo "2193"]
[PlyCount "113"]
[EventDate "2006.01.15"]
[EventType "swiss"]
[EventRounds "10"]
[EventCountry "NZL"]
[SourceTitle "CBM 110 Extra"]
[Source "ChessBase"]
[SourceDate "2006.03.10"]
[SourceVersion "2"]
[SourceVersionDate "2006.03.10"]
[SourceQuality "1"]

1. e4 d5 2. exd5 Qxd5 3. Nc3 Qe5+ 4. Be2 c6 5. d4 Qc7 6. Nf3 Bf5 7. Ne5 Nd7 8. Bf4 Nxe5 9. Bxe5 Qb6 10. 0-0 f6 11. Bf4 Qxb2 12. Bd3 Bxd3 13. Qxd3 Qa3 14. Rab1 b6 15. Qc4 Rc8 16. Nb5 Qa5 17. Qe6 Kd8 18. Qf7 Nh6 19. Bxh6 cxb5 20. Bxg7 Bxg7 21. Qxg7 Re8 22. d5 Qxa2 23. Ra1 Qxc2 24. d6 Qg6 25. dxe7+ Kc7 26. Rxa7+ Kb8 27. Qxg6 hxg6 28. Rd7 f5 29. Rfd1 b4 30. h4 Ka8 31. Ra1+ Kb8 32. Raa7 Rc1+ 33. Kh2 Re1 34. Rab7+ Ka8 35. Rxb6 R1xe7 36. Rxe7 Rxe7 37. Rxb4 Rh7 38. Kg3 Ka7 39. Kf3 Ka6 40. g3 Ka5 41. Rb8 Rc7 42. Rg8 Rc6 43. Kf4 Kb4 44. Kg5 Rc2 45. f3 Rc3 46. Rxg6 Rxf3 47. Kf6 f4 48. g4 Rh3 49. Kg5 f3 50. Rf6 Kc4 51. h5 Kd5 52. h6 Ke5 53. Rf8 Ke6 54. Kg6 Ke7 55. Rf5 Rh4 56. g5 Rh3 57. h7 1-0

[Event "Oceania zt"]
[Site "Auckland"]
[Date "2005.02.03"]
[Round "7"]
[White "Spain, Graeme"]
[Black "Donaldson, Bruce"]
[Result "1-0"]
[WhiteElo "2192"]
[BlackElo "2002"]
[PlyCount "43"]
[EventDate "2005.01.30"]
[EventType "swiss"]
[EventRounds "9"]
[EventCountry "NZL"]
[SourceTitle "CBM 104 Extra"]
[Source "ChessBase"]
[SourceDate "2005.03.01"]
[SourceVersion "1"]
[SourceVersionDate "2005.03.01"]
[SourceQuality "1"]

1. e4 c5 2. d4 cxd4 3. c3 Nf6 4. e5 Nd5 5. Nf3 e6 6. cxd4 b6 7. Bc4 Bb7 8. 0-0 Be7 9. Bxd5 Bxd5 10. Nc3 Bxf3 11. Qxf3 Nc6 12. Qg4 g6 13. Re1 d5 14. exd6 Qxd6 15. d5 exd5 16. Bf4 Qd8 17. Rad1 d4 18. Qf3 Qc8 19. Nd5 Kf8 20. Bh6+ Ke8 21. Nxe7 Nxe7 22. Qf6 1-0

[Event "NZL-ch 112th"]
[Site "Wanganui"]
[Date "2005.01.02"]
[Round "2"]
[White "Reilly, Tim"]
[Black "Spain, Graeme"]
[Result "1-0"]
[WhiteElo "2329"]
[BlackElo "2179"]
[PlyCount "69"]
[EventDate "2005.01.02"]
[EventType "swiss"]
[EventRounds "11"]
[EventCountry "NZL"]
[SourceTitle "CBM 104 Extra"]
[Source "ChessBase"]
[SourceDate "2005.03.01"]
[SourceVersion "1"]
[SourceVersionDate "2005.03.01"]
[SourceQuality "1"]

1. d4 d5 2. c4 c6 3. e3 Nf6 4. Nc3 g6 5. Nf3 Bg7 6. Bd3 0-0 7. 0-0 b6 8. Ne5 Bb7 9. b3 Nbd7 10. Bb2 Ne8 11. f4 Nxe5 12. fxe5 f6 13. cxd5 cxd5 14. Ne2 e6 15. Nf4 Qd7 16. Ba3 Rf7 17. Nxg6 hxg6 18. Bxg6 f5 19. Qh5 Bh8 20. Rf3 Rh7 21. Bxh7+ Qxh7 22. Rg3+ Bg7 23. Qg5 f4 24. Qxf4 Qf5 25. Rf1 Ba6 26. Qxf5 exf5 27. Rxf5 Bd3 28. Rf8+ Kh7 29. Rf7 Rc8 30. h4 Rc2 31. h5 Rxa2 32. Bf8 Kg8 33. e6 Ra1+ 34. Kh2 Rf1 35. Rxf1 1-0

[Event "NZL-ch 112th"]
[Site "Wanganui"]
[Date "2005.01.02"]
[Round "1"]
[White "Spain, Graeme"]
[Black "Civin, Tomas"]
[Result "0-1"]
[WhiteElo "2179"]
[BlackElo "2414"]
[PlyCount "70"]
[EventDate "2005.01.02"]
[EventType "swiss"]
[EventRounds "11"]
[EventCountry "NZL"]
[SourceTitle "CBM 104 Extra"]
[Source "ChessBase"]
[SourceDate "2005.03.01"]
[SourceVersion "1"]
[SourceVersionDate "2005.03.01"]
[SourceQuality "1"]

1. e4 c5 2. d4 cxd4 3. c3 dxc3 4. Nxc3 e6 5. Bc4 a6 6. Nf3 b5 7. Bb3 Bb7 8. Qe2 d6 9. 0-0 Nd7 10. Nd4 Ngf6 11. Bxe6 fxe6 12. Nxe6 Qa5 13. Nd5 Kf7 14. Bd2 b4 15. Ng5+ Kg8 16. Nxb4 Qb5 17. Qf3 Ne5 18. Qh3 Bc8 19. Qb3+ Qc4 20. Qg3 Nxe4 21. Nxe4 Qxe4 22. f4 Ng4 23. Kh1 Bf5 24. Rae1 Qb7 25. Qb3+ Qf7 26. Nd5 Nf6 27. Nxf6+ gxf6 28. Qf3 d5 29. Bc3 Rd8 30. Bd4 h5 31. Qg3+ Kh7 32. Qh4 Rd6 33. Re3 Rg8 34. h3 Be4 35. Rf2 f5 0-1

[Event "South Island-ch"]
[Site "Dunedin"]
[Date "2004.09.27"]
[Round "6"]
[White "Bennett, Hilton Petrie"]
[Black "Spain, Graeme"]
[Result "1/2-1/2"]
[WhiteElo "2112"]
[BlackElo "2147"]
[PlyCount "35"]
[EventDate "2004.09.25"]
[EventType "swiss"]
[EventRounds "8"]
[EventCountry "NZL"]
[SourceTitle "EXT 2018"]
[Source "ChessBase"]
[SourceDate "2017.10.13"]
[SourceVersion "1"]
[SourceVersionDate "2017.10.13"]
[SourceQuality "1"]

1. e4 d5 2. exd5 Qxd5 3. Nc3 Qa5 4. Nf3 Nf6 5. h3 c6 6. Bc4 Bf5 7. d3 e6 8. Bd2 Nbd7 9. a3 Qc7 10. Qe2 Bc5 11. 0-0 0-0 12. b4 Bb6 13. Na4 Ne8 14. Nxb6 Nxb6 15. Bb3 h6 16. Rfe1 Bh7 17. Ne5 Nd7 18. Bf4 1/2-1/2

[Event "South Island-ch"]
[Site "Dunedin"]
[Date "2004.09.27"]
[Round "5"]
[White "Spain, Graeme"]
[Black "Donaldson, Bruce"]
[Result "1-0"]
[WhiteElo "2147"]
[BlackElo "1999"]
[PlyCount "35"]
[EventDate "2004.09.25"]
[EventType "swiss"]
[EventRounds "8"]
[EventCountry "NZL"]
[SourceTitle "EXT 2018"]
[Source "ChessBase"]
[SourceDate "2017.10.13"]
[SourceVersion "1"]
[SourceVersionDate "2017.10.13"]
[SourceQuality "1"]

1. e4 c5 2. d4 cxd4 3. c3 dxc3 4. Nxc3 Nc6 5. Nf3 d6 6. Bc4 a6 7. 0-0 Nf6 8. Bf4 e5 9. Ng5 Be6 10. Bxe6 fxe6 11. Nxe6 Qd7 12. Nd5 Nxd5 13. exd5 exf4 14. dxc6 bxc6 15. Re1 Be7 16. Qg4 g6 17. Qxf4 Ra7 18. Qh6 1-0

[Event "Auckland op"]
[Site "Auckland"]
[Date "2003.01.29"]
[Round "6"]
[White "Spain, Graeme"]
[Black "Froehlich, Peter"]
[Result "0-1"]
[WhiteElo "2188"]
[BlackElo "2421"]
[PlyCount "130"]
[EventDate "2003.01.26"]
[EventType "swiss"]
[EventRounds "9"]
[EventCountry "NZL"]
[SourceTitle "CBM 092 Extra"]
[Source "ChessBase"]
[SourceDate "2003.03.07"]
[SourceVersion "1"]
[SourceVersionDate "2003.03.07"]
[SourceQuality "1"]

1. e4 c5 2. d4 cxd4 3. c3 dxc3 4. Nxc3 a6 5. Bc4 e6 6. Nf3 b5 7. Bb3 Bb7 8. Qe2 d6 9. 0-0 Nd7 10. Rd1 b4 11. Na4 Ngf6 12. Bc2 Be7 13. Bf4 e5 14. Bg5 Rc8 15. Rac1 Qa5 16. b3 0-0 17. Bb1 h6 18. Rxc8 Rxc8 19. Bxf6 Nxf6 20. Nb2 Qc5 21. Nc4 g6 22. h3 Bf8 23. Kh1 d5 24. exd5 Nxd5 25. Qxe5 Nc3 26. Qxc5 Bxc5 27. Rf1 Bxf3 28. gxf3 Re8 29. Bd3 Nd5 30. Nd2 Nf4 31. Bxa6 f5 32. Rc1 Bxf2 33. Rc8 Rxc8 34. Bxc8 Be1 35. Nc4 Nxh3 36. a3 bxa3 37. Nxa3 Nf4 38. Nc2 Bf2 39. b4 Kf7 40. Na3 Ke7 41. Nc4 Kd8 42. Bxf5 gxf5 43. Nd6 Kd7 44. Nxf5 h5 45. Kh2 Kc6 46. Ng7 Kb5 47. Nxh5 Nxh5 48. Kh3 Nf4+ 49. Kg4 Be3 50. Kf5 Kxb4 51. Ke4 Bc1 52. Ke5 Kc4 53. Kd6 Kd4 54. Kc6 Be3 55. Kd6 Nd5 56. Kc6 Bf4 57. Kb5 Ne7 58. Kb6 Kc4 59. Ka6 Kc5 60. Kb7 Kb5 61. Ka7 Kc6 62. Ka8 Nd5 63. Ka7 Bc7 64. Ka8 Kb6 65. f4 Ka6 0-1

[Event "NZL-ch"]
[Site "Wanganui"]
[Date "2003.01.09"]
[Round "10"]
[White "Spain, Graeme"]
[Black "Croad, Nicholas"]
[Result "0-1"]
[WhiteElo "2188"]
[BlackElo "2202"]
[PlyCount "80"]
[EventDate "2003.01.02"]
[EventType "swiss"]
[EventRounds "11"]
[EventCountry "NZL"]
[SourceTitle "CBM 092 Extra"]
[Source "ChessBase"]
[SourceDate "2003.03.07"]
[SourceVersion "1"]
[SourceVersionDate "2003.03.07"]
[SourceQuality "1"]

1. e4 e5 2. Nf3 d6 3. d4 exd4 4. Qxd4 Nf6 5. Nc3 Be7 6. Bg5 0-0 7. 0-0-0 Nc6 8. Qd2 a6 9. Kb1 b5 10. Bxf6 Bxf6 11. Nd5 Re8 12. Nxf6+ Qxf6 13. Nd4 Qxd4 14. Qxd4 Nxd4 15. Rxd4 Bb7 16. Bd3 Rad8 17. b4 c5 18. bxc5 dxc5 19. Rxd8 Rxd8 20. f3 Kf8 21. Rd1 Ke7 22. Be2 Rxd1+ 23. Bxd1 Kd6 24. Kc1 b4 25. Be2 Ke5 26. Bc4 f6 27. Kd2 Kd4 28. Bg8 h6 29. Bf7 Bc6 30. h4 a5 31. h5 a4 32. Bg6 Bb5 33. Kc1 Bc4 34. Be8 a3 35. Kb1 Ke3 36. Bg6 Bf1 37. Bf7 Bxg2 38. Bd5 Bxf3 39. Bf7 Bxe4 40. Kc1 f5 0-1

[Event "NZL-ch 109th"]
[Site "Christchurch"]
[Date "2002.01.09"]
[Round "11"]
[White "Spain, Graeme"]
[Black "McLaren, Leonard"]
[Result "1/2-1/2"]
[WhiteElo "2167"]
[BlackElo "2277"]
[PlyCount "129"]
[EventDate "2001.12.28"]
[EventType "swiss"]
[EventRounds "11"]
[EventCountry "NZL"]
[SourceTitle "EXT 2003"]
[Source "ChessBase"]
[SourceDate "2002.11.25"]
[SourceVersion "1"]
[SourceVersionDate "2002.11.25"]
[SourceQuality "1"]

1. e4 c5 2. c3 d5 3. exd5 Qxd5 4. d4 e6 5. Nf3 Nf6 6. Na3 Qd8 7. Bf4 Nc6 8. dxc5 Bxc5 9. Qxd8+ Nxd8 10. Nb5 Nd5 11. Bg3 a6 12. Nbd4 0-0 13. Be2 f6 14. 0-0-0 Nf7 15. Bc4 Rd8 16. Rhe1 Bxd4 17. Rxd4 Nh6 18. Rd2 Nf5 19. Bxd5 exd5 20. Nd4 Nxg3 21. hxg3 Bd7 22. Re7 a5 23. Ne6 Bxe6 24. Rxe6 Rd7 25. Rb6 Kf7 26. Rb5 Ke6 27. a4 Ra7 28. Rd4 Rd6 29. Kd2 b6 30. Rb3 Rc7 31. Ra3 h6 32. Ra1 Kd7 33. Kd3 Rc5 34. Re1 Rc8 35. Re2 b5 36. axb5 Rb8 37. Kc2 Rxb5 38. Red2 Ke6 39. Re2+ Kd7 40. Red2 Kc6 41. Re2 Rd7 42. Kc1 Rdb7 43. Red2 Re7 44. g4 Re1+ 45. Rd1 Rxd1+ 46. Rxd1 Rb7 47. Re1 Kc5 48. Re8 Rd7 49. Rc8+ Kb5 50. Kd2 Re7 51. f3 Re5 52. Kd3 Re1 53. Rc7 Rd1+ 54. Kc2 Rg1 55. Rxg7 Rxg2+ 56. Kb3 Rf2 57. Rg6 Rxf3 58. Rxh6 d4 59. Rh5+ Kb6 60. Kc2 dxc3 61. bxc3 Rf4 62. g5 fxg5 63. Rxg5 a4 64. Kb2 Rc4 65. Rh5 1/2-1/2

[Event "NZL-ch 109th"]
[Site "Christchurch"]
[Date "2002.01.07"]
[Round "9"]
[White "Ker, Anthony F"]
[Black "Spain, Graeme"]
[Result "1-0"]
[WhiteElo "2320"]
[BlackElo "2167"]
[PlyCount "71"]
[EventDate "2001.12.28"]
[EventType "swiss"]
[EventRounds "11"]
[EventCountry "NZL"]
[SourceTitle "EXT 2003"]
[Source "ChessBase"]
[SourceDate "2002.11.25"]
[SourceVersion "1"]
[SourceVersionDate "2002.11.25"]
[SourceQuality "1"]

1. e4 d5 2. exd5 Qxd5 3. Nc3 Qa5 4. d4 Nf6 5. Nf3 c6 6. Bc4 Bf5 7. Bd2 e6 8. Ne4 Qd8 9. Nxf6+ Qxf6 10. Qe2 Bg4 11. d5 Bxf3 12. gxf3 Qxb2 13. 0-0 cxd5 14. Bxd5 Nc6 15. Rab1 Qd4 16. Be4 Bd6 17. Rxb7 Rc8 18. Bxc6+ Rxc6 19. Qb5 Qc4 20. Qxc4 Rxc4 21. Be3 0-0 22. Rd1 Be5 23. Rxa7 Rxc2 24. a4 h6 25. a5 Ra2 26. Bb6 Rc8 27. Rdd7 Rc1+ 28. Kg2 Rca1 29. Rxf7 Ra4 30. f4 Bf6 31. Rfd7 R1a2 32. Rd6 Bc3 33. Rxe6 Bxa5 34. Re8+ Kh7 35. Rea8 Rxf2+ 36. Bxf2 1-0